000 00374nam a22001337a 4500
008 250402b |||||||| |||| 00| 0 eng d
020 _a9781810432
050 _aHD9502
_b.A96
100 _aAYODELE Sesan
245 _aAn Econometric Analysis of Pattern of Nigeria's Eletric Energy Use
260 _aNigeria
_bAkinola Printing Work
_c2002
300 _aix, 104p.
942 _cBK
999 _c2788
_d2788